A history of ancient mathematical astronomy /
Guardado en:
| Autor Principal: | |
|---|---|
| Formato: | Libro |
| Idioma: | English |
| Publicado: |
Berlin :
Springer-Verlag,
1975.
|
| Series: | Studies in the history of mathematics and physical sciences ;
1 |
| Materias: | |
| Etiquetas: |
Agregar Etiqueta
Sin Etiquetas, Sea el primero en etiquetar este registro!
|
| LEADER | 01280cam a2200277 a 4500 | ||
|---|---|---|---|
| 001 | MAT.inmabb003117 | ||
| 008 | 750317s1975####gw#af####b####001#0#eng## | ||
| 005 | 20130218101048.0 | ||
| 245 | 1 | 2 | |a A history of ancient mathematical astronomy / |c O. Neugebauer. |
| 260 | |a Berlin : |b Springer-Verlag, |c 1975. | ||
| 300 | |a 3 v. (xxi, 1456 p.), [1] hoja de láms. : |b il. ; |c 25 cm. | ||
| 440 | 0 | |a Studies in the history of mathematics and physical sciences ; |v 1 | |
| 504 | |a Incluye referencias bibliográficas (p. 1165-1203) e índice. | ||
| 505 | 0 | |a pt. 1. The Almagest and its direct predecessors. Babylonian astronomy -- pt. 2. Egypt. Early Greek astronomy. Astronomy during the Roman Imperial period and late antiquity -- pt. 3. Appendices and indices. Figures and plates. | |
| 510 | 4 | |a Zbl, |c 323 #01002 | |
| 020 | |a 354006995X | ||
| 020 | |a 038706995X (New York) | ||
| 100 | 1 | |a Neugebauer, O. |q (Otto), |d 1899- | |
| 650 | 0 | |a Astronomy, Ancient |x History. | |
| 650 | 0 | |a Astronomy |x Mathematics |x History. | |
| 084 | |a 01A17 (01A16 01A20 70-03) |2 msc2000 | ||
| 010 | |a 75008778 | ||
| 040 | |a DLC |c DLC |d DLC | ||
| 859 | |h 01A17 |i N484 |p A-4635 |v 1 |3 Part 1 |b BIB. MATEMATICA | ||
| 859 | |h 01A17 |i N484 |p A-4636 |v 2 |3 Part 2 |b BIB. MATEMATICA | ||
| 859 | |h 01A17 |i N484 |p A-4637 |v 3 |3 Part 3 |b BIB. MATEMATICA | ||
